| 000 | 00791cam a22002531a 4500 | ||
|---|---|---|---|
| 001 | 17544799 | ||
| 005 | 20150407134754.0 | ||
| 008 | 121128s2013 stka f b 001 0 eng | ||
| 020 | _a9780702051791 | ||
| 020 | _a9780702054143 | ||
| 040 |
_aDNLM/DLC _cDLC _dEG-ScBUE |
||
| 082 | 0 | 0 |
_a612.015 _bCLI _222 |
| 245 | 0 | 0 |
_aClinical biochemistry : _ban illustrated colour text / _cAllan Gaw ... [et al.] |
| 250 | _a5th ed. | ||
| 260 |
_aEdinburgh : _bChurchill Livingstone / Elsevier, _c2013. |
||
| 300 |
_avii, 187 p. : _bill. (col.) _c29 cm. |
||
| 500 | _aIndex : p. 176-187. | ||
| 504 | _aIncludes bibliographical references. | ||
| 650 | 0 |
_aBiochemistry. _918368 |
|
| 653 |
_bPPhrm _cApril2015 |
||
| 655 |
_vreading book _934232 |
||
| 700 | 1 |
_aGaw, Allan. _937600 |
|
| 942 |
_2ddc _k612.015 CLI |
||
| 999 |
_c19170 _d19142 |
||